Harry Potter Trivia #V - Statistics

General Stats
  • This quiz has been taken 30 times
  • The average score is 8 of 15
Answer Stats
Hint Answer % Correct
You know who Voldemort
100%
Harrys uncle Vernon Dursley
89%
Draco repairs this object, to smuggle Death Eaters into Hogwarts Vanishing Cabinet
68%
Crabbes first name Vincent Crabbe
68%
Durmstrang Champion Viktor Krum
64%
Tries giving Harry love potion: Romilda __ Romilda Vane
57%
Sirius falls through a __ Veil
46%
Truth telling potion Veritaserum
43%
Member of the order: Emmeline __ Emmeline Vance
39%
Arithmancy professor Septima Vector
39%
Beautiful, semi-human creatures, able to bewitch and entrance men Veela
36%
Sanguini is a __ Vampire
32%
Eldest daughter of Bill and Fleur Victoire
32%
Best friend of the Fat Lady Violet
32%
What the above calls the Dark Lord, when Harry tells him he is back Voldy Thing
11%
No matching quizzes found
Score Distribution
Percent of People with Each Score
Percentile by Number Answered
Your Score History
You have not taken this quiz